| 000 | 01043nam a2200385 a 4500 | ||
|---|---|---|---|
| 003 | AR-BaBNM | ||
| 005 | 20251128205859.0 | ||
| 008 | 082120s2002 ||||||||||||||000 | spa|| | ||
| 020 | _a84-254-1171-8 | ||
| 040 | _cAR-BaBNM | ||
| 245 | 0 | 0 | _aConceptos fundamentales de pedagogía |
| 260 |
_aBarcelona _bHerder _c1981 |
||
| 300 |
_a813 p. _bgráfs. |
||
| 500 | _aIndice analítico: p. 807-813 | ||
| 504 | _aBibliografía al final de cada capítulo | ||
| 650 | 4 | _aPEDAGOGIA | |
| 650 | 4 | _aANTROPOLOGIA | |
| 650 | 4 | _aAPRENDIZAJE | |
| 650 | 4 | _aAPTITUD | |
| 650 | 4 | _aRENDIMIENTO | |
| 650 | 4 | _aAUTORIDAD | |
| 650 | 4 | _aCIBERNETICA | |
| 650 | 4 | _aDIDACTICA | |
| 650 | 4 | _aECONOMIA DE LA EDUCACION | |
| 650 | 4 | _aENSEÑANZA | |
| 650 | 4 | _aFORMACION | |
| 650 | 4 | _aHISTORIA DE LA EDUCACION | |
| 650 | 4 | _aDOCENTES | |
| 650 | 4 | _aPSICOLOGIA DEL DESARROLLO | |
| 700 | 1 |
_aSpeck, Josef _eprologuista |
|
| 700 | 1 |
_aWhele, Gerhard _eprologuista |
|
| 700 | 1 |
_aLator Ros, Alejandro Esteban _etraductor |
|
| 942 | _cBK | ||
| 998 | _carturo | ||
| 999 |
_c13131 _d13131 |
||